Representations and invariants of the classical groups by Roe Goodman and Nolan R Wallach (Record no. 1211628)

MARC details
000 -LEADER
fixed length control field 01218nam a2200313Ia 4500
003 - CONTROL NUMBER IDENTIFIER
control field OSt
005 - DATE AND TIME OF LATEST TRANSACTION
control field 20221007123257.0
008 - FIXED-LENGTH DATA ELEMENTS--GENERAL INFORMATION
fixed length control field 221006b |||||||| |||| 00| 0 eng d
020 ## - INTERNATIONAL STANDARD BOOK NUMBER
International Standard Book Number 0521582733 (hbd)
037 ## - SOURCE OF ACQUISITION
Terms of availability Textual
040 ## - CATALOGING SOURCE
Original cataloging agency PAPL
Transcribing agency PAPL
Language of cataloging eng
041 ## - LANGUAGE CODE
Source of code eng
Language code of text/sound track or separate title eng
100 ## - MAIN ENTRY--PERSONAL NAME
Personal name Goodman Roe
9 (RLIN) 472085
245 #0 - TITLE STATEMENT
Title Representations and invariants of the classical groups by Roe Goodman and Nolan R Wallach
Remainder of title Wallach Nolan R
260 ## - PUBLICATION, DISTRIBUTION, ETC.
Place of publication, distribution, etc. Cambridge
Name of publisher, distributor, etc. Cambridge University Press
Date of publication, distribution, etc. 1998
300 ## - PHYSICAL DESCRIPTION
Extent xvi,685p
Dimensions cm.
490 ## - SERIES STATEMENT
Series statement Encyclopedia of mathematics and its applications; 68
500 ## - GENERAL NOTE
General note Bibliographical references 673-678p; Index 679-685p; ^n23/CSL/Carpa/98-99/6288^d1998-06-03^mPurchase; ; 98-99/69^b1998-06-23^c172^d1998-06-19^eLibco Book Distributors; ; 1998-08-17^bSB^c1998-08-19^r1998-09-24
650 ## - SUBJECT ADDED ENTRY--TOPICAL TERM
Topical term or geographic name entry element Group theory
9 (RLIN) 440733
650 ## - SUBJECT ADDED ENTRY--TOPICAL TERM
Topical term or geographic name entry element Representation of groups
9 (RLIN) 717007
650 ## - SUBJECT ADDED ENTRY--TOPICAL TERM
Topical term or geographic name entry element Mathematics
700 ## - ADDED ENTRY--PERSONAL NAME
Personal name Wallach Nolan R
9 (RLIN) 472086
942 ## - ADDED ENTRY ELEMENTS (KOHA)
Classification part B27M09, N8
Koha item type Textual
Source of classification or shelving scheme Colon Classification (CC)
Holdings
Withdrawn status Lost status Source of classification or shelving scheme Damaged status Not for loan Home library Current library Date acquired Source of acquisition Total Checkouts Full call number Barcode Date last seen Price effective from Koha item type
    Colon Classification (CC)     Department of Physics and Astrophysics Library Department of Physics and Astrophysics Library 2022-10-07 Libco,   B27M09 N8 PA0005179 2022-10-07 2022-10-07 Textual
Copyright @ Delhi University Library System